ბათუმის შოთა რუსთაველის სახელმწიფო უნივერსიტეტის ბიბლიოთეკა

ბიზნესის საფუძვლები : (ბიბ.ჩანაწერი № 34804)

000 -ლიდერი
ფიქსირებული სიგრძის საკონტროლო ველი 01296nam a2200277Ia 4500
001 - საკონტროლო ნომერი
საკონტროლო ველი 614
003 - საკონტროლო ნომრის იდენტიფიკატორი
საკონტროლო ველი GE_BSU
005 - ბოლო ოპერაციის თარიღი და დრო
საკონტროლო ველი 20260424111132.0
008 - ფიქსირებული სიგრძის მონაცემთა ელემენტები - ზოგადი ინფორმაცია
ფიქსირებული სიგრძის საკონტროლო ველი 181216s2009||||ge |||||||||||||| ||geo||
020 ## - წიგნის საერთაშორისო სტანდარტული ნომერი
International Standard Book Number 9789941012273
040 ## - კატალოგიზაციის წყარო
Transcribing agency GE_BSU
041 ## - ენის კოდი
Language code of text/sound track or separate title geo
080 ## - უნივერსალური ათობითი კლასიფიკაციის ინდექსი
Universal Decimal Classification number 338.22(075.8)თ-87
100 ## - მთავარი ჩანაწერი - პიროვნების სახელი
Personal name თურმანიძე,ს
9 (RLIN) 27369
245 ## - ცნობა სათაურის შესახებ
Title ბიზნესის საფუძვლები :
Remainder of title დამხმარე პრაქტიკული სახელმძღვანელო /
Statement of responsibility, etc ს.თურმანიძე, ი. ფალელაშვილი, გ. გაბაიძე ; [რედ. ზ. ელიზბარაშვილი].
264 ## - წარმოების, გამოცემის, დისტრიბუციის და სხვა ცნობები
გამოცემის, წარმოების, დისტრიბუციის... ადგილი თბილისი :
გამოცემის, წარმოების, დისტრიბუციის... სახელწოდება [საზოგადოება ცოდნა],
გამოცემის, წარმოების, დისტრიბუციის... თარიღი 2009.
300 ## - ფიზიკური აღწერა
Extent 133 გვ.
Other physical details ცხ. ;
Dimensions 20 სმ.
501 ## - შენიშვნა თანმხლებ მასალაზე
With note დანართები: გვ. 119-128.
504 ## - BIBLIOGRAPHY, ETC. NOTE
Bibliography, etc ბიბლიოგრ.: გვ. 130-131
520 ## - SUMMARY, ETC.
Summary, etc რეზ. ინგლ
653 ## - INDEX TERM--UNCONTROLLED
Uncontrolled term ბიზნესის საფუძვლები
700 ## - ADDED ENTRY--PERSONAL NAME
Personal name ფალელაშვილი, ი
9 (RLIN) 2434
700 ## - ADDED ENTRY--PERSONAL NAME
Personal name გაბაიძე, გ.
9 (RLIN) 27370
700 ## - ADDED ENTRY--PERSONAL NAME
Personal name ელიზბარაშვილი, ზ
Relator term რედაქტორი
9 (RLIN) 2437
942 ## - ADDED ENTRY ELEMENTS (KOHA)
Koha item type წიგნი
Source of classification or shelving scheme
ეგზემპლარები
ჩამოწერის სტატუსი დაკარგული ეგზემპლარის სტატუსი კლასიფიკაციის წყარო ან თაროზე გაწყობის სქემა დაზიანების სტატუსი არ გაიცემა მუდმივი მდებარეობა (დაცვის ადგილი) ამჟამინდელი ადგილსამყოფელი თაროზე განთავსების ადგილი შეძენის თარიღი ღირებულება, შესყიდვის ნორმალური ფასი სრული შენახვის შიფრი შტრიხკოდი ბოლო ოპერაციის თარიღი ეგზემპლარის მიმდევრობითი ნომერი (კეტერი?) ფასის ძალაში შესვლის თარიღი ეგზემპლარის სახეობა საჯარო შენიშვნა
          ბათუმის შოთა რუსთაველის სახელმწიფო უნივერსიტეტის მთავარი ბიბლიოთეკა ბათუმის შოთა რუსთაველის სახელმწიფო უნივერსიტეტის მთავარი ბიბლიოთეკა წიგნსაცავი 2018-12-17 6.00 338.22(075.8)თ-87 1799 2018-12-17 1799 2018-12-17 წიგნი 6.00
          ბათუმის შოთა რუსთაველის სახელმწიფო უნივერსიტეტის მთავარი ბიბლიოთეკა ბათუმის შოთა რუსთაველის სახელმწიფო უნივერსიტეტის მთავარი ბიბლიოთეკა წიგნსაცავი 2026-04-24 8.00 338.22(075.8)თ-87 74397 2026-04-24 74397 2026-04-24 წიგნი 8.00